| 000 | 00720cab a2200241 4500 | ||
|---|---|---|---|
| 001 | WB3333-27 | ||
| 008 | 090401t1997 xxu||||| |||| 00| 0 eng d | ||
| 035 | _a(Sirsi) u80439 | ||
| 041 | _aeng | ||
| 245 | _aDefence housing | ||
| 260 | _c1997 | ||
| 350 | _a0 | ||
| 490 |
_aFinancial Times _v22 August 1997, 1&16(1) |
||
| 520 | _aA National Audit Office report reveals that the former Conservative government sold the armed forces married quarters for up to £139m less than their value. | ||
| 650 | _aDEFENCE HOUSING | ||
| 650 | _aMARRIED QUARTERS | ||
| 650 | _aMINISTRY OF DEFENCE | ||
| 650 | _aMOD PROPERTY | ||
| 650 | _aNATIONAL AUDIT OFFICE | ||
| 690 | _aHOUSING | ||
| 942 | _n0 | ||
| 948 | _c22/08/1997 | ||
| 999 |
_c50648 _d50648 |
||